000 00194 a2200097 4500
001 45595
100 _aClark, M
245 _aStillwatch
260 _aLondon
_bCollins
_c
090 _c28758
_d28758
942 _aNUST-CAE
_cM
_c20844
999 _c280668
_d280668